LEADER 01272nam a2200313 a 4500 001 000000013058 003 CaOOAMICUS 005 20111006105414.0 008 940517s1964 fr u000 u fre r 035 $a10313430 040 $aPUL$bita 082 04$a220 100 1 $aBarucq, André.$0(OLS)http://pul/name/12340 245 13$aLe livre des Proverbes /$cpar André Barucq. 260 $aParis :$bJ. Gabalda,$c1964. 300 $a265 p. ;$c24 cm 490 1 $aSources bibliques 500 $aComprende indici. 630 04$aBiblia.$pV.T.$pProverbia$xCommenti.$0(OLS)http://pul/subject/634 730 01$aBiblia.$pV.T.$pProverbia.$lFrancese.$f1964.$0(OLS)http://pul/title/18865 830 0$aSources bibliques.$0(OLS)http://pul/title/18864 850 $aPUL 852 $aPUL$W1$xDP2 Religione 3$y114$m220 COLL 1.1B$j18421$nBK-PRI$b2. copia$qDDC 21$B18421$CPULBib$Z2$F18421 $H25084 $81 852 $aPUL$W1$xSL Religione 3$y85$m220 COLL 1.1$j146228$qDDC 21$B144903$CPULBib$Z2$F144903 $82 941 1 $a9 961 $aINV: 25084. 996 $6082$a220$9(OLS)http://pul/classification/523 996 $6245$aLe livre des Proverbes$9(OLS)http://pul/title/18863 996 $6260$aParis :$bJ. Gabalda$9(OLS)http://pul/publisher/48260 LEADER 01051nam a2200265 a 4500 001 000000134561 003 CaOOAMICUS 005 20130625104402.0 008 130625s1973 it u000 u ita r 040 $aPUL$bita 100 1 $aRizzo, Aldo,$d1933-$0(OLS)http://pul/name/86707 245 12$aL'alternativa in uniforme :$btecnica e ideologia del potere militare /$cAldo Rizzo. 260 $aMilano :$bMondadori,$c1973. 300 $a258 p. ;$c20 cm 490 1 $aSaggi ;$v49 504 $aInclude bibliografia e indici. 650 4$aForze armate.$0(OLS)http://pul/subject/39691 830 0$aSaggi (Mondadori) ;$v49.$0(OLS)http://pul/title/26238 850 $aPUL 852 $aPUL$W1$xDP1 Fondo E. Rossi$y115$m1 R 47$j154769$qFondi$B154285$CPULBib$Z2$F154285 $82 941 1 $a1 961 $aSul dorso collocazione ms. di E. Rossi: R 10 6 996 $6245$aL'alternativa in uniforme :$btecnica e ideologia del potere militare$9(OLS)http://pul/title/170156 996 $6260$aMilano :$bMondadori$9(OLS)http://pul/publisher/50297 LEADER 01570nam a2200325 a 4500 001 000000173300 003 CaOOAMICUS 005 20200221144723.0 008 200221s2019 it u000 u ita r 020 $a978-88-921-1975-8* 032 $aLibriCat 040 $aPUL$bita 082 04$a320.15 100 1 $aSaporiti, Michele.$0(OLS)http://pul/name/111321 245 00$aDialettiche sovrane : $buno studio sul rapporto tra sovranità e religioni / $cMichele Saporiti. 260 $aTorino :$bG. Giappichelli,$c©2019. 300 $aXII, 200 p. ;$c24 cm 490 1 $aCollana del Dipartimento di Giurisprudenza dell'Università di Milano-Bicocca ;$v128 650 4$aSovranità.$0(OLS)http://pul/subject/18457 650 4$aReligione e stato.$0(OLS)http://pul/subject/19958 710 2 $aUniversità di Milano-Bicocca.$bDipartimento di Giurisprudenza.$0(OLS)http://pul/name/98992 830 0$aCollana del Dipartimento di Giurisprudenza dell'Università di Milano-Bicocca ;$v128.$0(OLS)http://pul/title/195106 850 $aPUL 852 $aPUL$W1$xSL Diritto e Scienze Sociali 3$y79$m320. 15 SAPMI 1$j197281$qDDC 21$B202067$CPULBib$Z2$F202067 $H133978 $82 941 1 $a9 996 $6020$a978-88-921-1975-8*$9(OLS)http://pul/number/167297 996 $6082$a320.15$9(OLS)http://pul/classification/1941 996 $6245$aDialettiche sovrane : $buno studio sul rapporto tra sovranità e religioni / $9(OLS)http://pul/title/214436 996 $6260$aTorino :$bG. Giappichelli$9(OLS)http://pul/publisher/49130